000 00658nas a2200229 4500
001 BR9503734
003 BR-BrBNA
005 20231205094057.0
007 ta
008 230509b bl.|||p| |||| 00| 00por d
040 _aBR-BrBNA
_bpor
_cBiblioteca Nacional de Agricultura
041 _a(Pt)
072 _aL74
100 1 _aFelippe, M.A.
245 1 _aComo evitar prejuizos com a retencao de placenta
650 _aRebanho
650 _aRetencao de Placenta
650 _aProfilaxia
773 0 _tBalde Branco (Brazil)
_xISSN 0005-4275
_g(Dec 1992), v. 29(338) p. 29-30
_wBR9503734
909 _a202311
_bLúcia
_c55
_dLúcia Elande
942 _2AGRIS
_n0
_cANA
999 _c141939
_d141939